00387nam a22001217a 4500008004100000100003000041245002400071260004000095300001000135942000700145952009600152999001700248240529b |||||||| |||| 00| 0 eng d aMatiyani, Shailesh914745 aDo Dukho Ka Ek Sukh aAIlahabad:bKitab Mahal Pub;c1966. a254p. cBK 01104070aRNLbRNLcGENd2022-12-14eDDCg5.00l0p9295r2022-12-14v5.00w2022-12-14yBK c38242d38242